El silencio de Dios: una respuesta creativa a los filmes de Ingmar Bergman

Guardat en:
Dades bibliogràfiques
Autor principal: Gibson, Arthur (Autor)
Format: Llibre
Idioma:espanyol
Publicat: Buenos Aires La Aurora 1973
Edició:1a. ed
Matèries:
Etiquetes: Afegir etiqueta
Sense etiquetes, Sigues el primer a etiquetar aquest registre!

MARC

LEADER 00000cam a2200000 a 4500
001 UCC7769
003 CL-VaPUC
008 190505e19730000ag |||||||||||||||||spa|d
082 0 4 |a 791.43  |b GIB  |2 21 
100 0 |a Gibson, Arthur  |e author  |9 602449 
245 1 3 |a El silencio de Dios: una respuesta creativa a los filmes de Ingmar Bergman 
250 |a 1a. ed 
300 |a 163 p 
942 |c BK 
945 |d 20190505 21:05:00  |a dcastane 
260 |a Buenos Aires  |b La Aurora  |c 1973 
600 0 7 |a BERGMAN, INGMAR  |2 CL-VaPUC  |9 269158 
650 0 |a Directores de cine  |9 368705 
650 7 |a CINE SUECO  |2 CL-VaPUC  |9 602450 
583 |a last modification  |c 20190505 21:05:00  |k Rodrigo Vera 
999 |c 374318  |d 374316 
952 |0 0  |1 0  |3 erb  |4 0  |6 791_430000000000000_GIB_1973  |7 0  |8 A  |9 492819  |a BIBART  |b BIBART  |i 5545404  |o 791.43 GIB 1973  |p 5545404  |r 2025-03-13  |w 2019-11-24  |y BK  |z Catalogado en:20190505  |k ART